000
00331nam a2200133Ia 4500
008
240624s9999 xx 000 0 und d
041
_a
eng
082
_a
658.3 RAO
100
_a
RAO T V
245
_a
100 MANAGERS IN ACTION
260
_c
2012
_a
New Delhi
_b
Tata McGraw-Hill
300
_a
xv, : 392 : p. : cm. ; 6
365
_c
RS
_b
33
999
_c
26177
_d
26177